|
|
|
|
| LEADER |
00000cas a2200000 c 4500 |
| 001 |
513246231 |
| 003 |
DE-627 |
| 005 |
20260207115550.0 |
| 007 |
tu |
| 008 |
060615c19819999it z| m| 0 |0ita c |
| 015 |
|
|
|a 09,A39,0003
|2 dnb
|
| 016 |
7 |
|
|a 980151376
|2 DE-101
|
| 016 |
7 |
|
|a 2239230-0
|2 DE-600
|
| 035 |
|
|
|a (DE-627)513246231
|
| 035 |
|
|
|a (DE-576)01734140X
|
| 035 |
|
|
|a (DE-599)ZDB2239230-0
|
| 035 |
|
|
|a (OCoLC)722267012
|
| 040 |
|
|
|a DE-627
|b ger
|c DE-627
|e rda
|
| 041 |
|
|
|a ita
|
| 044 |
|
|
|c XA-IT
|
| 082 |
0 |
4 |
|a 900
|a 800
|q DE-101
|
| 082 |
0 |
4 |
|a 900
|q DE-600
|
| 084 |
|
|
|a NAHOST
|q DE-3
|2 fid
|
| 245 |
0 |
3 |
|a La cultura
|
| 246 |
1 |
|
|i Abweichender Titel teils
|a La cultura. Saggi
|
| 264 |
3 |
1 |
|a Milano
|b Saggiatore
|c 1981-
|
| 300 |
|
|
|a Bände
|c 23 cm
|
| 336 |
|
|
|a Text
|b txt
|2 rdacontent
|
| 337 |
|
|
|a ohne Hilfsmittel zu benutzen
|b n
|2 rdamedia
|
| 338 |
|
|
|a Band
|b nc
|2 rdacarrier
|
| 362 |
0 |
|
|a 1-
|
| 363 |
0 |
1 |
|a 1
|i 1981
|
| 655 |
|
7 |
|a Monografische Reihe
|0 (DE-588)4179998-7
|0 (DE-627)104628669
|0 (DE-576)209995106
|2 gnd-content
|
| 889 |
|
|
|w (DE-603)309312493
|
| 889 |
|
|
|w (DE-576)046768068
|
| 889 |
|
|
|w (DE-627)1116768062
|
| 935 |
|
|
|i sdedup20221113
|
| 936 |
s |
n |
|a n100
|2 mzub
|
| 936 |
s |
n |
|a e100
|2 mzub
|
| 951 |
|
|
|a ST
|
| ELC |
|
|
|b 1
|
| LOK |
|
|
|0 000 xxxxxcx a22 zn 4500
|
| LOK |
|
|
|0 001 2469402018
|
| LOK |
|
|
|0 003 DE-627
|
| LOK |
|
|
|0 004 513246231
|
| LOK |
|
|
|0 005 20010426000000
|
| LOK |
|
|
|0 008 891228||||||||||||||||ger|||||||
|
| LOK |
|
|
|0 040
|a DE-21
|c DE-627
|d DE-21
|
| LOK |
|
|
|0 852
|a DE-21
|
| LOK |
|
|
|0 852 1
|9 00
|
| LOK |
|
|
|0 866
|x NAK
|
| LOK |
|
|
|0 939
|a 28-12-89
|b l01
|
| LOK |
|
|
|0 000 xxxxxcx a22 zn 4500
|
| LOK |
|
|
|0 001 2469402026
|
| LOK |
|
|
|0 003 DE-627
|
| LOK |
|
|
|0 004 513246231
|
| LOK |
|
|
|0 005 20010501000000
|
| LOK |
|
|
|0 008 960719||||||||||||||||ger|||||||
|
| LOK |
|
|
|0 040
|a DE-21-108
|c DE-627
|d DE-21-108
|
| LOK |
|
|
|0 092
|o l
|
| LOK |
|
|
|0 852
|a DE-21-108
|
| LOK |
|
|
|0 852 1
|m p
|9 00
|
| LOK |
|
|
|0 938
|k p
|
| LOK |
|
|
|0 939
|a 19-07-96
|b l01
|
| LOK |
|
|
|0 000 xxxxxcx a22 zn 4500
|
| LOK |
|
|
|0 001 2946877620
|
| LOK |
|
|
|0 003 DE-627
|
| LOK |
|
|
|0 004 513246231
|
| LOK |
|
|
|0 005 20161201094922
|
| LOK |
|
|
|0 008 161201||||||||||||||||ger|||||||
|
| LOK |
|
|
|0 040
|a DE-Frei85
|c DE-627
|d DE-Frei85
|
| LOK |
|
|
|0 852
|a DE-Frei85
|
| LOK |
|
|
|0 852 1
|m p
|9 00
|
| LOK |
|
|
|0 938
|k p
|
| LOK |
|
|
|0 939
|a 01-12-16
|b l01
|
| ORI |
|
|
|a SA-MARC-krimdokb001.raw
|
| SPR |
|
|
|a 1
|t KRI
|